ბათუმის შოთა რუსთაველის სახელმწიფო უნივერსიტეტის ბიბლიოთეკა

ბიოგრაფიული ნარკვევი / (ბიბ.ჩანაწერი № 39684)

000 -ლიდერი
ფიქსირებული სიგრძის საკონტროლო ველი 00945nam a2200205Ia 4500
001 - საკონტროლო ნომერი
საკონტროლო ველი 6287
003 - საკონტროლო ნომრის იდენტიფიკატორი
საკონტროლო ველი GE_BSU
005 - ბოლო ოპერაციის თარიღი და დრო
საკონტროლო ველი 20191022153354.0
008 - ფიქსირებული სიგრძის მონაცემთა ელემენტები - ზოგადი ინფორმაცია
ფიქსირებული სიგრძის საკონტროლო ველი 181216s1940||||ge |||||||||||||| ||geo||
040 ## - კატალოგიზაციის წყარო
Transcribing agency GE_BSU
Modifying agency geo
080 ## - უნივერსალური ათობითი კლასიფიკაციის ინდექსი
Universal Decimal Classification number 821.353.1-1 ბ-25
100 ## - მთავარი ჩანაწერი - პიროვნების სახელი
Personal name ბარათაშვილი, ნიკოლოზ
9 (RLIN) 4936
245 ## - ცნობა სათაურის შესახებ
Title ბიოგრაფიული ნარკვევი /
Statement of responsibility, etc ნიკოლოზ ბარათაშვილი ; რედ. ილია თავაძე ; აკაკი გაწერელია.
264 ## - წარმოების, გამოცემის, დისტრიბუციის და სხვა ცნობები
გამოცემის, წარმოების, დისტრიბუციის... ადგილი თბილისი :
გამოცემის, წარმოების, დისტრიბუციის... სახელწოდება ფედერაცია ;
გამოცემის, წარმოების, დისტრიბუციის... თარიღი 1940.
300 ## - ფიზიკური აღწერა
Extent 176 გვ. ;
Dimensions 24 სმ.
653 ## - INDEX TERM--UNCONTROLLED
Uncontrolled term ბიოგრაფიული ნარკვევი
700 ## - ADDED ENTRY--PERSONAL NAME
Personal name თავაძე, ილია
Relator term რედაქტორი
9 (RLIN) 4938
700 ## - ADDED ENTRY--PERSONAL NAME
Personal name გაწერელია, აკაკი
Relator term რედაქტორი
9 (RLIN) 4939
942 ## - ADDED ENTRY ELEMENTS (KOHA)
Koha item type წიგნი
Source of classification or shelving scheme
ეგზემპლარები
ჩამოწერის სტატუსი დაკარგული ეგზემპლარის სტატუსი კლასიფიკაციის წყარო ან თაროზე გაწყობის სქემა დაზიანების სტატუსი არ გაიცემა მუდმივი მდებარეობა (დაცვის ადგილი) ამჟამინდელი ადგილსამყოფელი თაროზე განთავსების ადგილი შეძენის თარიღი ღირებულება, შესყიდვის ნორმალური ფასი სრული შენახვის შიფრი შტრიხკოდი ბოლო ოპერაციის თარიღი ეგზემპლარის მიმდევრობითი ნომერი (კეტერი?) ფასის ძალაში შესვლის თარიღი ეგზემპლარის სახეობა საჯარო შენიშვნა
          ბათუმის შოთა რუსთაველის სახელმწიფო უნივერსიტეტის მთავარი ბიბლიოთეკა ბათუმის შოთა რუსთაველის სახელმწიფო უნივერსიტეტის მთავარი ბიბლიოთეკა წიგნსაცავი 2018-12-17 3.36 821.353.1-1 ბ-25 14194 2018-12-17 14194 2018-12-17 წიგნი 3.36 ლ.